000 00851cam a2200301Li 4500
001 95411
005 20230410132829.0
008 061026s1997 ve 001 p spa d
035 _a(OCoLC)ocn493536377
040 _aZWZ
_encafnor
_bfre
_cZWZ
020 _a9800109706
020 _a9789800109700
029 0 _aZWZ
_b110266641
035 _a(OCoLC)493536377
049 _aGRAL
050 1 4 _a1erAPT1erB641a 1997
100 1 _aBlanco, Andres Eloy
_d(1898-1955)
245 1 0 _aAntologia popular /
_cAndre Eloy Blanco ; prologo Juan Liscano.
250 _a2a ed.
260 _aCaracas,
_cMonte Avila editores latinoamericana.,
_c1997.
300 _a1 vol. (296 p.) ;
_c16 cm.
490 0 _aColeccion Eldorado
700 1 _aLiscano, Juan
_d(1915-....).
_ePref.
830 0 _aEldorado.
942 _2lcc
994 _aC0
_bDRFGD
946 _anc
999 _c88515
_d88515